00841 a2200217 4500003000500000005001700005010001700022020001500039040000900054082001400063100002200077245005800099250001200157260004600169300001100215505029200226650002300518650002900541650002600570650002700596NUST20221128155948.0 a 2004044467 a9814053848 cNust00a530.8,BEN1 aBentley, John P.,10aPrinciples of measurement systems /cJohn P. Bentley. a3rd ed. aNew York :bPearson Prentice Hall,c2000. a468p.: aThe General Measurement Systems (Page-3), Typical Measurement Sys Elements (Page-135), Specialized Measurement Systems (Page-275), Optical Measurement Sys (Page-343), Ultrasonic Measurement Systems (Page-384), Gas Chromatography (Page-417), Data Acquisition And Comm. Systems (Page-431). 0aAutomatic control. 0aEngineering instruments. 0aPhysical instruments. 0aPhysical measurements.